All About Machinarium - Statistics

General Stats
  • This quiz has been taken 10 times
  • The average score is 5 of 11
Answer Stats
Hint Answer % Correct
How many players 1
86%
How many arcade games work 2
86%
How many pegs in a row to win the tic tac toe game 5
86%
Main Character Josef
57%
Developer Amanita Design
43%
Friend to be rescued Berta
29%
Bad guy group The Black Cap Brotherhood
29%
Machinarium's of origin Czech Republic
14%
Designer Jakub Dvorský
14%
Composer Tomáš Dvořák
14%
Developer XGen Studios
14%
No matching quizzes found
Score Distribution
Percent of People with Each Score
Percentile by Number Answered
Your Score History
You have not taken this quiz